Návrh Red vs Blue team CTF súťaže pre edukačné účely

Salvato in:
Dettagli Bibliografici
Autore principale: Revaj, Juraj (Autore)
Altri autori: Švec, Peter (Relatore della tesi)
Natura: Manoscritto Libro
Lingua:slovacco
Pubblicazione: 2025
Soggetti:
Accesso online:http://is.stuba.sk/zp/portal_zp.pl?podrobnosti=184422
Tags: Aggiungi Tag
Nessun Tag, puoi essere il primo ad aggiungerne!!

MARC

LEADER 00000ntm a22000003a 4500
001 stuzp103390
003 SK-STU
005 20250614212003.7
007 ta
008 150427s2015----xo-----f-mn---000-0-slo-d
040 |a STU  |b slo 
041 0 |a slo 
100 1 |a Revaj, Juraj  |u 035000  |4 aut  |U FEI Fakulta elektrotechniky a informatiky  |T FEI Ústav informatiky a matematiky  |X 97024  |U E050  |Y 816  |7 97024 
242 0 1 |a Design of Red vs Blue team CTF competition for educational purposes  |y eng 
245 1 0 |a Návrh Red vs Blue team CTF súťaže pre edukačné účely 
260 |c 2025 
650 4 |a cybersecurity  |2 eng 
650 4 |a Blue team  |2 eng 
650 4 |a Red team  |2 eng 
650 4 |a CTF  |2 eng 
650 4 |a kybernetická bezpečnosť  |2 slo 
650 4 |a Red team  |2 slo 
650 4 |a Blue team  |2 slo 
650 4 |a CTF  |2 slo 
700 1 |a Švec, Peter  |u 035000  |k Z8  |4 ths  |U FEI Fakulta elektrotechniky a informatiky  |T FEI Ústav informatiky a matematiky  |X 8381  |U E050  |Y 816  |7 8381 
856 4 |u http://is.stuba.sk/zp/portal_zp.pl?podrobnosti=184422